000 01543nam a2200253 a 4500
001 BS0003849
003 BR-BrBNA
005 20230418192429.0
008 230308b |||||||| |||| 00| 0 por d
040 _aBR-BrBNA
_bpor
_cBiblioteca Nacional de Agricultura
041 _apor
072 _aB59
090 _aB59 BS0003849
100 1 _aAnastácio, Moacir
245 1 _aOs milagres que eu vi: como o Deus vivo e verdadeiro pode operar milagres em sua vida /
250 1 _a1. ed.
260 3 _aRio de Janeiro, RJ:
_bMoacir Anastácio,
_c2016.
300 _a122 p.
520 3 _aMais de 1 milhão de pessoas reunidas ao redor do Senhor, em busca de consolo e graças. É isto o que acontece no maior evento paroquial do mundo: a Festa de Pentecostes realizada anualmente em Brasília. À frente deste evento de proporções espantosas está uma figura humilde, que a todo momento conserva uma profunda confiança nas promessas de Deus: o Padre Moacir Anastácio. Em Os milagres que eu vi, Padre Moacir Anastácio revela ao leitor brasileiro os muitos sinais extraordinários com que Deus foi confirmando sua vocação como sacerdote e fundador da comunidade Renascidos em Pentecostes, uma das que mais crescem no Brasil. Após a leitura de cada um desses testemunhos e milagres impressionantes, certamente não poderão restar dúvidas: somos filhos de um Deus que nos ama e que deseja dar, a todos nós, a cura e a vitória.
650 _aRELIGIÃO
650 _aCATOLICISMO
909 _a202304
_bSergio Santos
_c56
_dSergio Santos
942 _cBK
999 _c8903
_d8903